| 000 | 01394caa a22002771ib4500 | ||
|---|---|---|---|
| 003 | SA-RiAUC | ||
| 005 | 20241001145413.0 | ||
| 008 | 241001s1999 le g b 00010cara c | ||
| 040 |
_aSA-JeALM _bara _cSA-RiAUC. _erda |
||
| 082 | 0 | 4 |
_a922.6 _qSA-RiAUC |
| 092 |
_a922.6 _bم ن ا |
||
| 100 | 1 |
_aالمناوي، محمد عبد الرؤوف بن تاج العارفين بن علي، _d952-1031 هجري _eمؤلف. |
|
| 245 | 1 | 2 |
_aالكواكب الدرية في تراجم السادة الصوفية : _bالطبقات الكبرى / _cتأليف زين الدين محمد عبد الرؤوف المناوي ؛ تحقيق محمد أديب الجادر. |
| 250 | _aالطبعة الثانية | ||
| 264 |
_aبيروت: _bدار صادر. _c2007 |
||
| 300 |
_aمجلدات ؛ _c24 سم |
||
| 336 |
_aنص _btxt _2rdacontent _3كتاب |
||
| 337 |
_aبدون وسيط _bn _2rdamedia |
||
| 338 |
_aمجلد _bnc _2rdacarrier |
||
| 504 | _aيشتمل على إرجاعات ببليوجرافية. | ||
| 580 | _aفي : الكواكب الدرية في تراجم السادة الصوفية : الطبقات الكبرى. -ط. 1. -بيروت : دار صادر للطباعة والنشر، 1999. -مج. 1. | ||
| 650 | 7 |
_aالمتصوفون _vتراجم _2aucsh |
|
| 700 | 1 |
_aالجادر، محمد أديب _eمحقق. |
|
| 942 |
_2ddc _cBOOK _n0 |
||
| 949 |
_aSA-JeALM _d241001 _umohamedma123 _n1 |
||
| 999 |
_c755 _d755 |
||